000 00462nam a2200145 a 4500
090 _aEA
_b00132
041 _aspa
100 _aRomán, Celso
_920712
245 _aAmigos de puerita
_bHumi, la hija del humedal cuento coleccionable para colorear
260 _aBogotá
_bUnilever
_bAlcaldía Mayor de Bogotá D.C.
_c200?
300 _a6 p.
440 _aPrograma de Educación Ambiental "Niños amigos de Purita"
_n7
_992739
942 _cIMPRESO
945 _d2010-02-11
999 _c7258
_d7258